[Event "Mortara op 4th"]
[Site "Mortara"]
[Date "2014.09.20"]
[Round "3"]
[White "Vezzosi, Paolo"]
[Black "De Paoli, Nicola"]
[Result "1-0"]
[WhiteElo "2288"]
[BlackElo "1374"]
[PlyCount "87"]
[EventDate "2014.09.19"]
[EventType "swiss"]
[EventRounds "5"]
[EventCountry "ITA"]
[SourceTitle "EXT 2016"]
[Source "ChessBase"]
[SourceDate "2015.10.08"]
[SourceVersion "1"]
[SourceVersionDate "2015.10.08"]
[SourceQuality "1"]

1. d4 d5 2. Nf3 c6 3. c4 Nf6 4. Nbd2 Bf5 5. g3 Nbd7 6. Bg2 e6 7. Nh4 Bb4 8. cxd5 cxd5 9. Nxf5 exf5 10. 0-0 Nb6 11. Nf3 Nc4 12. Qa4+ Qd7 13. Qxb4 Qe7 14. Qxe7+ Kxe7 15. b3 Nd6 16. Ba3 Rac8 17. Rfc1 Nfe4 18. Ne5 Ke6 19. Nd3 b6 20. Nf4+ Kd7 21. Nxd5 Nb5 22. Bb2 Kd6 23. Ne3 g6 24. Nc4+ Kd5 25. a4 Nxd4 26. Rd1 Rhd8 27. Rxd4+ Ke6 28. Bxe4 Rxd4 29. Bxf5+ gxf5 30. Bxd4 Kd5 31. Rd1 Ke6 32. Be3 Ke7 33. Rd5 Ke6 34. Rd6+ Ke7 35. Bg5+ Kf8 36. Bf6 Kg8 37. f4 h6 38. Kf2 Kh7 39. Ne5 Kg8 40. Rd7 Kf8 41. Rxf7+ Ke8 42. Re7+ Kf8 43. Ng6+ Kg8 44. Rg7# 1-0

[Event "Robecchetto Spring 11th A"]
[Site "Robecchetto"]
[Date "2014.05.15"]
[Round "5"]
[White "De Paoli, Nicola"]
[Black "Ruggeri, Igor"]
[Result "0-1"]
[WhiteElo "1386"]
[BlackElo "1622"]
[PlyCount "104"]
[EventDate "2014.04.10"]
[EventType "swiss"]
[EventRounds "7"]
[EventCountry "ITA"]
[SourceTitle "EXT 2024"]
[Source "ChessBase"]
[SourceDate "2023.10.10"]
[SourceVersion "1"]
[SourceVersionDate "2023.10.10"]
[SourceQuality "1"]

1. d4 Nf6 2. c4 g6 3. Nc3 Bg7 4. e4 d6 5. Nf3 0-0 6. Be2 c5 7. dxc5 dxc5 8. Qxd8 Rxd8 9. 0-0 Nc6 10. Be3 b6 11. Rad1 Bb7 12. b3 Ng4 13. Bd2 Nce5 14. Nxe5 Nxe5 15. f4 Nd3 16. Be3 Nxf4 17. Bxf4 Bxc3 18. Bc7 Rxd1 19. Rxd1 Bxe4 20. Bf3 Bxf3 21. gxf3 Bd4+ 22. Kg2 Rc8 23. Bg3 Rc6 24. Bf2 e5 25. Kg3 Rd6 26. Bxd4 exd4 27. f4 f5 28. Kf2 Kf7 29. Re1 Re6 30. Rxe6 Kxe6 31. Kf3 h6 32. h4 Kf6 33. a3 g5 34. h5 d3 35. Ke3 d2 36. Kxd2 gxf4 37. Ke2 Kg5 38. Kf3 Kxh5 39. Kxf4 Kg6 40. a4 h5 41. a5 bxa5 42. Ke5 Kg5 43. Kd5 h4 44. Kxc5 h3 45. Kb5 h2 46. c5 h1Q 47. Kxa5 Qb7 48. b4 a6 49. Ka4 Qb5+ 50. Ka3 a5 51. c6 Qxb4+ 52. Ka2 Qc4+ 0-1